Transfer of Social Competencies To the Intercultural Environment. The Relationship Between Social and Cultural Intelligence

Kvantitatívna empirická štúdia zaoberajúca sa vzťahom medzi sociálnou a kultúrnou inteligenciou. Určenie predikatívnej sily konštruktu sociálnej inteligencie (SQ) na cieľovú premennú - kultúrnu inteligenciu (CQ). Stabilita základného teoretického modelu, vzťahu medzi sociálnou a kultúrnou inteligenc...

Descrizione completa

Salvato in:
Dettagli Bibliografici
Autore principale: Jurásek, Miroslav
Altri autori: Strelnikova, Irina, Lédlová, Janna
Natura: Capitolo di libro
Lingua:inglese
Soggetti:
Tags: Aggiungi Tag
Nessun Tag, puoi essere il primo ad aggiungerne!!

MARC

LEADER 00000naa a2200000 4500
001 0279307
005 20211028101822.0
041 0 |a eng 
044 |a CZ 
245 1 0 |a Transfer of Social Competencies To the Intercultural Environment. The Relationship Between Social and Cultural Intelligence  |c Miroslav Jurásek, Irina Strelnikova, Janna Lédlová 
520 |a Kvantitatívna empirická štúdia zaoberajúca sa vzťahom medzi sociálnou a kultúrnou inteligenciou. Určenie predikatívnej sily konštruktu sociálnej inteligencie (SQ) na cieľovú premennú - kultúrnu inteligenciu (CQ). Stabilita základného teoretického modelu, vzťahu medzi sociálnou a kultúrnou inteligenciou v závislosti na pohlaví. 
610 2 0 |a inteligencia sociálna 
610 2 0 |a výkonnosť ekonomiky 
610 2 0 |a trh domáci 
610 2 0 |a trh zahraničný 
610 2 0 |a jazykoveda 
100 1 |a Jurásek, Miroslav 
700 1 |a Strelnikova, Irina 
700 1 |a Lédlová, Janna